| 000 | 01524cam a2200349 a 4500 | ||
|---|---|---|---|
| 001 | 3982581 | ||
| 003 | ARRUPE | ||
| 005 | 20160810105553.0 | ||
| 008 | 960130s1996 nyuabf b 001 0beng d | ||
| 010 | _a 95079980 | ||
| 020 | _a080909603X | ||
| 035 | _a(OCoLC)34334003 | ||
| 040 |
_aWaS _cWaS _dNBuBE _dDNAL _dDLC |
||
| 042 | _alccopycat | ||
| 043 | _af-sa--- | ||
| 050 | 0 | 0 |
_aDT1949.M37 _bV36 1996 |
| 082 | 0 | 0 |
_a968/.0049602 _221 |
| 100 | 1 |
_aVan Onselen, Charles. _923147 |
|
| 245 | 1 | 4 |
_aThe seed is mine : _bthe life of Kas Maine, a South African sharecropper, 1894-1985 / _cCharles Van Onselen. |
| 246 | 3 | 0 | _aLife of Kas Maine, a South African sharecropper, 1894-1985 |
| 250 | _a1st ed. | ||
| 260 |
_aNew York : _bHill and Wang, _c1996. |
||
| 300 |
_axvi, 649 p., [24] p. of plates : _bill. ; _c25 cm. |
||
| 504 | _aIncludes bibliographical references (p. 545-562) and index. | ||
| 520 | _a"Traces the psycholosocial development of one black sharecropping family over a one-hundred-year cycle, and tells of the triumphs and the tears of a black patriarch struggling to prosper ... a black man's manual of survival in what was apartheid South Africa" --Jacket. | ||
| 600 | 1 | 0 |
_aMaine, Kas, _d1894-1985. _924697 |
| 650 | 0 |
_aSharecroppers _zSouth Africa _xBiography. _924698 |
|
| 650 | 0 |
_aBlacks _zSouth Africa _xBiography. _924699 |
|
| 906 |
_a7 _bcbc _ccopycat _d2 _eopcn _f19 _gy-gencatlg |
||
| 942 |
_2lcc _cMONOGRAPH |
||
| 999 |
_c124882 _d124882 |
||